000 00634nam a22002530a 4500
001 UByD000642
003 AR-LpoUNG
005 20220618193632.0
008 220618s2003||||ag |||||||||||||||||spa d
040 _aAR-LpoUNG
_bspa
_cAR-LpoUNG
_eaacr
041 _aspa
082 0 _aA863 438cue
100 1 _aPérez, Ramón Alberto
245 1 0 _aCuentos de la montaña
250 _a1ra. ed.
260 _a[San Miguel de Tucumán] :
_bEdiciones de la S.A.D.E.,
_c2003.
300 _a113 p. :
_bil.
650 4 _aARGENTINA
650 4 _aLITERATURA
650 4 _aCUENTO
650 4 _aPROSA
905 _a34553
942 _cLIB
_2ddc
999 _c63327
_d63327